Регионална библиотека "Любен Каравелов" - Русе

Свята и чиста република (Запис номер 57050)

MARC детайли
000 -Лидер
Контролно поле с фиксирана дължина 01566nam a2200361 c 4500
003 - Код на организацията, давaща контролен номер
Контролно поле BLK
005 - Дата и час на последна редакция
Контролно поле 20240717123228.0
008 - Елементи от данни с фиксирана дължина
fixed length control field 180408b bul|||||r ||||||| ||bul||
010 ## - Наследен системен номер
LC control number KNG00061039000
040 ## - Източник на каталожния запис
Идентификатор на билиотеката - собственик на записа BLK
041 ## - Код за език
Код за езика на текст/звукозапис или на отделно заглавие Български
Код за езика КДБФ Български
080 ## - УДК
Текстов определител УДК Националноосвободителното движение в България (1856-1877)
УДК код - определител по УДК 94(497.2)"1856/1877"
УДК определител (092)(093)
УДК - код + определител 94(497.2)"1856/1877"(092)(093)
139 ## - Редно поле
Редна дума Левски, Васил
Авторски знак Левс - Л 36
245 10 - Сведения за заглавието
Заглавие Свята и чиста република
Подзаглавни данни Писма и документи
Редно поле (дума) Васил Левски; състав. и предг. от Иван Николов Унджиев; състав. и предг. от Никола Генчев Кондарев.
250 ## - Област на изданието
Сведения за изданието 2. изд.
257 ## - Страна на издаване
Страна на създаване/издаване България
260 ## - Област на издателските данни
Име на издателя, разпространителя и проч. Наука и изкуство
Година на издаване 1971
Печатница София : ДП Г. Димитров
300 ## - Физическа характеристика
Страници 224 с., 8 л. портр., ил., факс.
Размери/Мащаб 17 см
380 ## - Жанр
Жанр История
500 ## - Общи забележки
Забележка 30 094 тир.
650 #4 - Допълнително описание по предмет – тема
Основно описание – тема или топоним Левски, Васил - документи
9 (RLIN) 286897
653 ## - Ключова дума – ненормативна
Ключова дума кореспонденция
653 ## - Ключова дума – ненормативна
Ключова дума Васил Левски
700 ## - Други автори (авторска отговорност)
Лично име Унджиев, Иван Николов
Дати, свързани с автора 1902 - 1979
9 (RLIN) 369302
700 1# - Други автори (авторска отговорност)
Лично име Кондарев, Никола Генчев
Дати, свързани с автора 1911-
Друга информация Историк.
9 (RLIN) 81831
852 ## - Местоположение
Форматна сигнатура Цб І 12487
856 4# - Електронен адрес и достъп
Електронен формат pdf - файл
856 4# - Електронен адрес и достъп
Електронен формат pdf - файл
999 ## - СИСТЕМНИ КОНТРОЛНИ НОМЕРА
Koha biblionumber 57050
Koha biblioitemnumber 57050
942 ## - АРТИКУЛИ
Вид на библиотечния материал Книги
Скрит в OPAC Не
Koha issues (borrowed), all copies 1
Периодичен библиозапис Да
944 ## - СЪЗДАВАНЕ И РЕДАКЦИЯ на ЗАПИСА
Създаване/Редакция Създаване
Дата на регистрацията/редакция 13.06.2004
Служител, извършил регистрацията/редакцията 30560
Статус, дата на статуса Геновева Генчева
944 ## - СЪЗДАВАНЕ И РЕДАКЦИЯ на ЗАПИСА
Създаване/Редакция Редакция
Дата на регистрацията/редакция 23.10.2015
Служител, извършил регистрацията/редакцията Елица_Владова
999 ## - СИСТЕМНИ КОНТРОЛНИ НОМЕРА
Koha biblioitemnumber 57050
Наличности
Код за отписване Код за изгубен артикул Източник на класификационната схема Код за повреда Коз за рестрикции Код за отдаване Артикулен № Име на библиотеката - собственик Име на библиотеката, в която се намира в момента Статус (Текущо местоположение) Дата на вписване в системата Местоположение - отдел Цена в лева Инвентарен номер Систематично азбучна сигнатура Баркод Номер на екземпляра Цена в евро Служебна бележка Служебен тип на артикула Бележка за публиката
  Не е изгубен Universal Decimal Classification Не е повреден само за читалня ползва се в читалня 91684 Регионална библиотека "Любен Каравелов" Русе Регионална библиотека "Любен Каравелов" Русе Хранилище 1971-01-01 Хранилище 0.86 103223 Цб І 12487 120000103223 1 0.44 Дост: Dp Вид: Д N: стар фонд Дата: 01.01.1971 Книги  
  Не е изгубен Universal Decimal Classification Не е повреден без рестрикции заемане за дома 91685 Регионална библиотека "Любен Каравелов" Русе Регионална библиотека "Любен Каравелов" Русе Заемна - подръчен фонд 1971-01-01 Заемна - подръчен фонд 0.86 102762 П 94(497.2)"1856/1877"(092)/Л 36 120000102762 2 0.44 Дост: Pk Вид: Ф N: стар фонд Дата: 01.01.1971 Дата инв: 15.02.2018 Бележки инв: П2018 Книги  
Изтеглен Не е изгубен   Не е повреден без рестрикции заемане за дома 91686 Регионална библиотека "Любен Каравелов" Русе Регионална библиотека "Любен Каравелов" Русе   1971-01-01 Заемна - подръчен фонд 0.86 102764 П 949.72.04/Л 36 102764 3 0.44 Дост: Pk Вид: Ф N: стар фонд Дата: 01.01.1971 Книги Отч.N: 24/2018 , Дата: 26.03.2018
Изтеглен Не е изгубен   Не е повреден без рестрикции заемане за дома 91687 Регионална библиотека "Любен Каравелов" Русе Регионална библиотека "Любен Каравелов" Русе   1971-01-01 Заемна - подръчен фонд 0.86 102765 П 949.72.04/Л 36 102765 4 0.44 Дост: Pk Вид: Ф N: стар фонд Дата: 01.01.1971 Книги Отч.N: 24/2018 , Дата: 26.03.2018
Изтеглен Не е изгубен Universal Decimal Classification Не е повреден без рестрикции заемане за дома 91688 Регионална библиотека "Любен Каравелов" Русе Регионална библиотека "Любен Каравелов" Русе Детски отдел 1971-01-01 Детски отдел 0.86 102966 ДН 949.72.04/Л 36 102966 5 0.44 Дост: Pk Вид: Ф N: стар фонд Дата: 01.01.1971 Дата инв: 06.10.2015 Бележки инв: Д2015 Книги  
  Не е изгубен Universal Decimal Classification Не е повреден без рестрикции заемане за дома 91689 Регионална библиотека "Любен Каравелов" Русе Регионална библиотека "Любен Каравелов" Русе Детски отдел 1971-01-01 Детски отдел 0.86 102969 94(497.2)/Л 36 120000102969 6 0.44 Дост: Pk Вид: Ф N: стар фонд Дата: 01.01.1971 Дата инв: 26.10.2015 Бележки инв: Д2015 Книги  
Vip Innovations Ltd, Rousse, Bulgaria 2025